Návrh opatrení na využitie nástrojov marketingovej komunikácie pri zvyšovaní povedomia o značke KNOTT spol. s r. o.

Gespeichert in:
Bibliographische Detailangaben
1. Verfasser: Kadlec, Peter (Verfasst von)
Weitere Verfasser: Babčanová, Dagmar (Betreuung Doktorarbeit)
Format: Manuskript Buch
Sprache:Slowakisch
Veröffentlicht: 2017
Schlagworte:
Online-Zugang:http://is.stuba.sk/zp/portal_zp.pl?podrobnosti=114993
Tags: Tag hinzufügen
Keine Tags, Fügen Sie das erste Tag hinzu!

MARC

LEADER 00000ntm a22000003a 4500
001 stuzp62194
003 SK-STU
005 20170701210505.3
007 ta
008 150427s2015----xo-----f-mn---000-0-slo-d
040 |a STU  |b slo 
041 0 |a slo 
100 1 |a Kadlec, Peter  |u 064000  |4 aut  |U MTF Materiálovotechnologická fakulta  |T MTF Ústav priemyselného inžinierstva a manažmentu  |X 61037  |U M4000  |Y 84  |7 61037 
242 0 1 |a Draft of measures for application tools of marketing communication for increasing awareness of brand name KNOTT spol. s r.o.  |y eng 
245 1 0 |a Návrh opatrení na využitie nástrojov marketingovej komunikácie pri zvyšovaní povedomia o značke KNOTT spol. s r. o. 
260 |c 2017 
650 4 |a marketingová komunikácia  |2 slo 
650 4 |a komunikačný mix  |2 slo 
650 4 |a reklama  |2 slo 
650 4 |a nové marketingové nástroje  |2 slo 
650 4 |a marketing  |2 slo 
650 4 |a Communication  |2 eng 
650 4 |a Marketing Communication Mix  |2 eng 
650 4 |a Advertisement  |2 eng 
650 4 |a Latest Marketing Tools  |2 eng 
700 1 |a Babčanová, Dagmar  |u 064000  |k Z1  |4 ths  |U MTF Materiálovotechnologická fakulta  |T MTF Ústav priemyselného inžinierstva a manažmentu  |X 2819  |U M4000  |Y 84  |7 A000002819 
856 4 |u http://is.stuba.sk/zp/portal_zp.pl?podrobnosti=114993 
996 |c M* BP-7916  |l MMSKP  |s P  |a 0  |w stuzp62194_0001